Swarajottor asomiya upanyasa samikha (Record no. 3127)

MARC details
000 -LEADER
fixed length control field 00509cam a2200193ua 4500
001 - CONTROL NUMBER
control field 3284
005 - DATE AND TIME OF LATEST TRANSACTION
control field 20260515113647.0
008 - FIXED-LENGTH DATA ELEMENTS--GENERAL INFORMATION
fixed length control field 111014n ii |||gr||||Z||||||asm
040 ## - CATALOGING SOURCE
Transcribing agency MAIN
082 ## - DEWEY DECIMAL CLASSIFICATION NUMBER
Classification number 891.4513
100 1# - MAIN ENTRY--PERSONAL NAME
Personal name Koyoky, Prafulla,
Relator term Author.
245 11 - TITLE STATEMENT
Title Swarajottor asomiya upanyasa samikha
Statement of responsibility, etc. by Prafulla Kotoky
250 ## - EDITION STATEMENT
Edition statement 1st.
260 ## - PUBLICATION, DISTRIBUTION, ETC.
Place of publication, distribution, etc. Guahati:
Name of publisher, distributor, etc. Bina Library,979.
300 ## - PHYSICAL DESCRIPTION
Extent 235p:
Dimensions 23cm.
653 ## - INDEX TERM--UNCONTROLLED
Uncontrolled term Assamese novel
653 ## - INDEX TERM--UNCONTROLLED
Uncontrolled term Swarajottor asomiya upanyasa samikha
942 ## - ADDED ENTRY ELEMENTS (KOHA)
Koha item type Books
Holdings
Withdrawn status Lost status Damaged status Not for loan Home library Current library Shelving location Date acquired Total checkouts Full call number Barcode Date last seen Copy number Price effective from Koha item type
        Naharkatiya College Library Naharkatiya College Library General stacks 09/19/2020   891.4513 | KOT 7977 09/19/2020 1 09/19/2020 Books